000 00751nam a2200253 a 4500
001 25774
003 CO-ViMGA
008 141112s2004 ck r 000 u spa d
020 _a9789583601477
040 _aCO-ViMGA
_bspa
_cCO-ViMGA
041 _aSPA
090 _aP MUT1
100 1 _aMutis, Álvaro, 1923 -
_939860
245 1 0 _aLa balanza /
_cÁlvaro Mutis, Carlos Patiño ; ilustraciones de Hernando Tejada
250 _a3a ed.
260 _aBogotá :
_bEl Áncora,
_c2013
300 _a31 p. : il. byn.
500 _aIncluye índice
650 1 4 _aPOESIA COLOMBIANA - SIGLO XX
_92302
650 1 4 _aPROSA POética COLOMBIANA - SIGLO XX
_939861
700 1 _aPatiño, Carlos
_939862
700 1 _aTejada, Hernando
_92062
942 _2ddc
_cBK
999 _c5340
_d5340